| 000 | 00695 a2200253 4500 | ||
|---|---|---|---|
| 001 | 19409 | ||
| 999 |
_c19409 _d6105 |
||
| 003 | TR-AnTOB | ||
| 005 | 20210413155433.0 | ||
| 008 | 041224s2004 tu tur | ||
| 020 | _a9753222254 | ||
| 041 | _atur | ||
| 050 |
_aBF575.F2 _bÖ94 2004 |
||
| 090 | _aBF575.F2 Ö94 2004 | ||
| 100 |
_aÖzer, Kadir _911825 |
||
| 245 | 0 |
_aKaygı : _bsınanma duygusuyla baş edebilme / _cKadir Özer. |
|
| 250 | _a2. bs. | ||
| 264 | 1 |
_aİstanbul : _bSistem Yayıncılık, _c2004 |
|
| 300 |
_a130 p. ; _c20 cm. |
||
| 490 | 0 |
_aSistem Yayıncılık; 325. _aKişisel Gelişim Dizisi. |
|
| 500 | _aIncludes bibliographies. | ||
| 650 | 7 |
_aAnksiyete _2etuturkob _995493 |
|
| 902 | _a0003203 | ||
| 942 | _cBK | ||